Guidelines for engineering design for process safety. /

Guardado en:
Autor Corporativo: American Institute of Chemical Engineers (AIChE). Center for Chemical Process Safety (CCPS)
Formato: Libro
Idioma:English
Publicado: New York, N.Y. : Center for Chemical Process Safety of the American Institute of Chemical Engineers (CCPS), c1993.
Series:CCPS Guidelines series
Materias:
Acceso en línea:Descripción
Tabla de contenido
Etiquetas: Agregar Etiqueta
Sin Etiquetas, Sea el primero en etiquetar este registro!
LEADER 01188pam a2200277 a 4500
001 EIQ.libpla004282
008 930211s1993####nyuab####b####001#0#eng##
005 20121129121330.0
245 0 0 |a Guidelines for engineering design for process safety. /  |c AIChE. 
260 |a New York, N.Y. :  |b Center for Chemical Process Safety of the American Institute of Chemical Engineers (CCPS),  |c c1993. 
300 |a xxxii, 573 p. :  |b il., mapas ;  |c 24 cm. 
490 1 |a CCPS Guidelines series 
500 |a "Wiley". 
504 |a Incluye referencias bibliográficas e índice. 
020 |a 0816905657 
710 2 |a American Institute of Chemical Engineers (AIChE).  |b Center for Chemical Process Safety (CCPS) 
830 0 |a CCPS Guidelines series 
082 0 0 |a 660.2804  |2 21 
650 7 |a Diseño de procesos  |x Seguridad  |x Guías 
650 7 |a Process design  |x Safety  |x Guidelines 
010 |a  93003154  
040 |a DLC  |c DLC  |d DLC 
050 0 0 |a TP155.5  |b .G765 1993 
856 4 2 |3 Descripción  |u http://www.loc.gov/catdir/enhancements/fy0607/93003154-d.html 
856 4 1 |3 Tabla de contenido  |u http://www.loc.gov/catdir/enhancements/fy0607/93003154-t.html 
859 |a AR-BbSID  |b BIB. PLAPIQUI  |h 660.2804  |i G942  |p 6112